ESSENTIALS OF COMMUNICATION & EDUCATION TECHNOLOGY FOR BSC NURSING (Record no. 934616)

MARC details
000 -LEADER
fixed length control field 00419nam a2200157Ia 4500
008 - FIXED-LENGTH DATA ELEMENTS--GENERAL INFORMATION
fixed length control field 231120s2022 xx 000 0 und d
020 ## - INTERNATIONAL STANDARD BOOK NUMBER
International Standard Book Number 9789388178587
041 ## - LANGUAGE CODE
Language code of text/sound track or separate title eng
082 ## - DEWEY DECIMAL CLASSIFICATION NUMBER
Classification number 610.73
Item number GOP
100 ## - MAIN ENTRY--PERSONAL NAME
Personal name GOPICHANDRAN
245 ## - TITLE STATEMENT
Title ESSENTIALS OF COMMUNICATION & EDUCATION TECHNOLOGY FOR BSC NURSING
250 ## - EDITION STATEMENT
Edition statement 2nd Edition
260 ## - PUBLICATION, DISTRIBUTION, ETC.
Name of publisher, distributor, etc. C B S
Date of publication, distribution, etc. 2022
300 ## - PHYSICAL DESCRIPTION
Extent 304
650 ## - SUBJECT ADDED ENTRY--TOPICAL TERM
Topical term or geographic name entry element COMMUNICATION & EDUCATION
Holdings
Withdrawn status Lost status Damaged status Not for loan Home library Current library Date acquired Cost, normal purchase price Total Checkouts Full call number Barcode Date last seen Date last checked out Price effective from Koha item type
        College of Nursing, Pune College of Nursing, Pune 21/11/2023 525.00 1 610.73 GOP NCP-UG-6515 23/12/2025 18/12/2025 21/11/2023 Book